Cartografía cultural de Chile: directorio 2001-2002

Saved in:
Bibliografiske detaljer
Main Authors: Soto Labbé, María Paulina (Author), Smith, Mark Andrew (Author), Bernasconi Ramírez, Oriana (Author), López González, Loreto (Author), Campos Medina, Luis (Author), Valle Maluenda, María Trinidad (Author)
Format: Bog
Sprog:spansk
Udgivet: Santiago Ocho Libros 2002
Udgivelse:1a. ed
Fag:
Tags: Tilføj Tag
Ingen Tags, Vær først til at tagge denne postø!

MARC

LEADER 00000nam a2200000 a 4500
001 UCI6246
003 CL-VaPUC
008 080425e20020000CL |||||||||||||||||spa|d
020 |a 9568018050o.c 
020 |a 9568018069t.1 
020 |a 9568018077t.2 
082 0 4 |a 306.983  |b SOT  |2 21 
100 0 |a Soto Labbé, María Paulina  |e author  |9 528977 
700 0 |a Smith, Mark Andrew  |e author  |9 528978 
700 0 |a Bernasconi Ramírez, Oriana  |e author  |9 528979 
700 0 |a López González, Loreto  |e author  |9 528980 
700 0 |a Campos Medina, Luis  |e author  |9 528981 
700 0 |a Valle Maluenda, María Trinidad  |e author  |9 528982 
245 1 0 |a Cartografía cultural de Chile: directorio 2001-2002 
250 |a 1a. ed 
300 |a 540 p 
942 |c BK 
945 |d 20080425 00:00:00  |a jtorresc 
260 |a Santiago  |b Ocho Libros  |c 2002 
650 7 |a GEOGRAFIA CULTURAL  |2 CL-VaPUC  |9 340317 
650 0 |a Desarrollo cultural  |9 267526 
650 0 |a Ciencias sociales  |v Investigación  |9 307767 
583 |a last modification  |c 20160928 09:57:44  |k Rodrigo Vera 
999 |c 329774  |d 329772 
952 |0 0  |1 0  |4 0  |6 306_983000000000000_SOT_2002  |7 0  |8 X  |9 414844  |a FDOBUD  |b FDOBUD  |d 2019-11-22  |h t.1  |i 4578813  |o 306.983 SOT 2002  |p 4578813  |r 2019-11-22  |w 2019-11-22  |y BK_X  |k BUD 
952 |0 0  |1 0  |4 0  |6 306_983000000000000_SOT_2002  |7 0  |8 X  |9 414845  |a FDOBUD  |b FDOBUD  |d 2019-11-22  |h t.2  |i 4578821  |o 306.983 SOT 2002  |p 4578821  |r 2019-11-22  |w 2019-11-22  |y BK_X  |k BUD